000 00742nam a22002177a 4500
005 20240530110440.0
008 150416s2010 xxu g 000 0 eng d
017 _a2010/22635
_bمصر . دار الكتب المصرية
020 _a9789774276382
040 _aEG-CaGPL
082 0 4 _221
_a813.03\
_bع ك
100 0 _aعمرو عبدالسميع
245 1 2 _aالكاميليا و الرمان :
_bرواية /
_cعمرو عبدالسميع
250 _aط1
260 _aالقاهرة :
_bالدار المصرية اللبنانية ،
_c2010.
300 _a191 ص ؛
_c19 سم.
650 0 4 _aالقصص العربية
650 0 4 _aالادب العربى
942 _2ddc
_cBK
999 _c61030
_d61030